Mali's Borders Quiz Stats

 Plays Quiz Updated Mar 17, 2016

Also try: 5-Border Countries
Challenge
Share
Tweet
Embed
Score 0/7 Timer 01:00
8 Plays Today
Country % Correct
Niger
91.2%
Algeria
86.6%
Mauritania
78.7%
Burkina Faso
71.4%
Senegal
70%
Guinea
61.6%
Côte d’Ivoire
56%

You're not logged in!

Compare scores with friends on all Sporcle quizzes.
Join for Free
OR
Log In

You Might Also Like...

Show Comments

Extras

Top Quizzes Today


Score Distribution

Your Account Isn't Verified!

In order to create a playlist on Sporcle, you need to verify the email address you used during registration. Go to your Sporcle Settings to finish the process.

Report this User

Report this user for behavior that violates our Community Guidelines.

Details: